书目信息 |
| 题名: |
群雄会
|
|
| 作者: | 戴宏森 , 陈荫荣 整理 | |
| 分册: | ||
| 出版信息: | 北京 中国曲艺出版社 1981 |
|
| 页数: | 231页 | |
| 开本: | 19cm | |
| 丛书名: | ||
| 单 册: | ||
| 中图分类: | I239.87 , I239.8 | |
| 科图分类: | ||
| 主题词: | 评话--中国--现代 , 戏剧文学--剧本--中国 | |
| 电子资源: | ||
| ISBN: | ||
| 000 | 00766nam0 2200265 45 | |
| 001 | 0181002065 | |
| 005 | 20060913171544.35 | |
| 010 | @dCNY0.60 | |
| 091 | @a10227.015 | |
| 100 | @a19950408d1981 em y0chiy0121 ea | |
| 101 | 0 | @achi |
| 102 | @aCN@b110000 | |
| 105 | @af z 000by | |
| 200 | 10 | @a群雄会@Aqun xiong hui@f陈荫荣讲述@g戴宏林整理 |
| 210 | @a北京@c中国曲艺出版社@d1981 | |
| 215 | @a231页@c插图@d19cm | |
| 606 | @a评话@y中国@z现代 | |
| 606 | 0 | @a戏剧文学@x剧本@x中国 |
| 690 | @aI239.87@v3 | |
| 690 | @aI239.8@v3 | |
| 701 | 0 | @a戴宏森@Adai hong sen@4整理 |
| 701 | 0 | @a陈荫荣@Achen yin rong@4讲述 |
| 801 | 2 | @aCN@bNLC@c20060913 |
| 801 | 0 | @aCN@b上海图书馆@c20040318 |
| 905 | @f1@b52426@f1@b52430@f3@b52422-424@f1@b52431@f1@b52429@dI239.8@e12:5 | |
| 群雄会/陈荫荣讲述/戴宏林整理.-北京:中国曲艺出版社,1981 |
| 231页:插图;19cm |
| ISBN :CNY0.60 |
| ● |
| 相关链接 |
|
|
|
|
正题名:群雄会
索取号:I239.8/12:5
 
预约/预借
| 序号 | 登录号 | 条形码 | 馆藏地/架位号 | 状态 | 备注 |
| 1 | 0052422 | 001589169 | 第一样本阅览室/ [索取号:I239.8/12:5] | 在馆 | |
| 2 | 0052423 | 000960115 | 第二借阅区/ [索取号:I239.8/12:5] | 在馆 | |
| 3 | 0052424 | 000960124 | 第二借阅区/ [索取号:I239.8/12:5] | 在馆 | |
| 4 | 0052426 | 001589276 | 第二借阅区/ [索取号:I239.8/12:5] | 在馆 | |
| 5 | 0052429 | 001589515 | 第二借阅区/ [索取号:I239.8/12:5] | 在馆 | |
| 6 | 0052430 | 000960080 | 第二借阅区/ [索取号:I239.8/12:5] | 在馆 | |
| 7 | 0052431 | 001589472 | 第二借阅区/ [索取号:I239.8/12:5] | 在馆 | |
| 8 | 0472365 | 204723656 | 密集书库/ [索取号:I239.8/12:5] | 在馆 |